<?xml version="1.0" encoding="UTF-8"?>
<collection xmlns="http://www.loc.gov/MARC21/slim">
 <record>
  <leader>09475cam a2201525   4500</leader>
  <controlfield tag="001">1776115457</controlfield>
  <controlfield tag="003">DE-627</controlfield>
  <controlfield tag="005">20241215042049.0</controlfield>
  <controlfield tag="007">tu</controlfield>
  <controlfield tag="008">211103s2022    gw |||||      00| ||ger c</controlfield>
  <datafield tag="015" ind1=" " ind2=" ">
   <subfield code="a">21,N44</subfield>
   <subfield code="2">dnb</subfield>
  </datafield>
  <datafield tag="016" ind1="7" ind2=" ">
   <subfield code="a">1244537365</subfield>
   <subfield code="2">DE-101</subfield>
  </datafield>
  <datafield tag="020" ind1=" " ind2=" ">
   <subfield code="a">9783406780462</subfield>
   <subfield code="c">Broschur : EUR 28.00</subfield>
   <subfield code="9">978-3-406-78046-2</subfield>
  </datafield>
  <datafield tag="020" ind1=" " ind2=" ">
   <subfield code="a">3406780466</subfield>
   <subfield code="9">3-406-78046-6</subfield>
  </datafield>
  <datafield tag="024" ind1="3" ind2=" ">
   <subfield code="a">9783406780462</subfield>
  </datafield>
  <datafield tag="035" ind1=" " ind2=" ">
   <subfield code="a">(DE-627)1776115457</subfield>
  </datafield>
  <datafield tag="035" ind1=" " ind2=" ">
   <subfield code="a">(DE-599)DNB1244537365</subfield>
  </datafield>
  <datafield tag="035" ind1=" " ind2=" ">
   <subfield code="a">(OCoLC)1282190655</subfield>
  </datafield>
  <datafield tag="040" ind1=" " ind2=" ">
   <subfield code="a">DE-627</subfield>
   <subfield code="b">ger</subfield>
   <subfield code="c">DE-627</subfield>
   <subfield code="e">rda</subfield>
  </datafield>
  <datafield tag="041" ind1=" " ind2=" ">
   <subfield code="a">ger</subfield>
  </datafield>
  <datafield tag="044" ind1=" " ind2=" ">
   <subfield code="c">XA-DE-BY</subfield>
  </datafield>
  <datafield tag="082" ind1="0" ind2=" ">
   <subfield code="a">707.22</subfield>
   <subfield code="q">DE-101</subfield>
   <subfield code="2">23/ger</subfield>
  </datafield>
  <datafield tag="082" ind1="0" ind2="4">
   <subfield code="a">700</subfield>
   <subfield code="a">360</subfield>
   <subfield code="a">060</subfield>
   <subfield code="q">DE-101</subfield>
  </datafield>
  <datafield tag="084" ind1=" " ind2=" ">
   <subfield code="a">Rcl</subfield>
   <subfield code="2">asb</subfield>
  </datafield>
  <datafield tag="084" ind1=" " ind2=" ">
   <subfield code="a">RCM</subfield>
   <subfield code="2">ssd</subfield>
  </datafield>
  <datafield tag="084" ind1=" " ind2=" ">
   <subfield code="a">Ku 24</subfield>
   <subfield code="2">sfb</subfield>
  </datafield>
  <datafield tag="084" ind1=" " ind2=" ">
   <subfield code="a">K 009</subfield>
   <subfield code="2">kab</subfield>
  </datafield>
  <datafield tag="084" ind1=" " ind2=" ">
   <subfield code="a">RA05.01</subfield>
   <subfield code="2">fivr</subfield>
  </datafield>
  <datafield tag="084" ind1=" " ind2=" ">
   <subfield code="a">SG08</subfield>
   <subfield code="2">fivs</subfield>
  </datafield>
  <datafield tag="084" ind1=" " ind2=" ">
   <subfield code="a">SK01</subfield>
   <subfield code="2">fivs</subfield>
  </datafield>
  <datafield tag="084" ind1=" " ind2=" ">
   <subfield code="a">KUNST</subfield>
   <subfield code="q">DE-16</subfield>
   <subfield code="2">fid</subfield>
  </datafield>
  <datafield tag="084" ind1=" " ind2=" ">
   <subfield code="a">AK 85700</subfield>
   <subfield code="2">rvk</subfield>
   <subfield code="0">(DE-625)rvk/2709:</subfield>
  </datafield>
  <datafield tag="084" ind1=" " ind2=" ">
   <subfield code="a">AK 87500</subfield>
   <subfield code="q">DE-24/23sred</subfield>
   <subfield code="2">rvk</subfield>
   <subfield code="0">(DE-625)rvk/2724:</subfield>
  </datafield>
  <datafield tag="084" ind1=" " ind2=" ">
   <subfield code="a">LH 60180</subfield>
   <subfield code="2">rvk</subfield>
   <subfield code="0">(DE-625)rvk/94174:</subfield>
  </datafield>
  <datafield tag="084" ind1=" " ind2=" ">
   <subfield code="a">02.15</subfield>
   <subfield code="2">bkl</subfield>
  </datafield>
  <datafield tag="084" ind1=" " ind2=" ">
   <subfield code="a">20.00</subfield>
   <subfield code="2">bkl</subfield>
  </datafield>
  <datafield tag="084" ind1=" " ind2=" ">
   <subfield code="a">20.14</subfield>
   <subfield code="2">bkl</subfield>
  </datafield>
  <datafield tag="090" ind1=" " ind2=" ">
   <subfield code="a">a</subfield>
  </datafield>
  <datafield tag="100" ind1="1" ind2=" ">
   <subfield code="a">Zuschlag, Christoph</subfield>
   <subfield code="d">1964-</subfield>
   <subfield code="e">VerfasserIn</subfield>
   <subfield code="0">(DE-588)113166478</subfield>
   <subfield code="0">(DE-627)517286920</subfield>
   <subfield code="0">(DE-576)169545571</subfield>
   <subfield code="4">aut</subfield>
  </datafield>
  <datafield tag="245" ind1="1" ind2="0">
   <subfield code="a">Einführung in die Provenienzforschung</subfield>
   <subfield code="b">wie die Herkunft von Kulturgut entschlüsselt wird</subfield>
   <subfield code="c">Christoph Zuschlag</subfield>
  </datafield>
  <datafield tag="264" ind1=" " ind2="1">
   <subfield code="a">München</subfield>
   <subfield code="b">C.H. Beck</subfield>
   <subfield code="c">[2022]</subfield>
  </datafield>
  <datafield tag="264" ind1=" " ind2="4">
   <subfield code="c">© 2022</subfield>
  </datafield>
  <datafield tag="300" ind1=" " ind2=" ">
   <subfield code="a">237, 16 ungezählte Seiten</subfield>
   <subfield code="b">30 Illustrationen</subfield>
   <subfield code="c">22 x 14 cm</subfield>
  </datafield>
  <datafield tag="336" ind1=" " ind2=" ">
   <subfield code="a">Text</subfield>
   <subfield code="b">txt</subfield>
   <subfield code="2">rdacontent</subfield>
  </datafield>
  <datafield tag="337" ind1=" " ind2=" ">
   <subfield code="a">ohne Hilfsmittel zu benutzen</subfield>
   <subfield code="b">n</subfield>
   <subfield code="2">rdamedia</subfield>
  </datafield>
  <datafield tag="338" ind1=" " ind2=" ">
   <subfield code="a">Band</subfield>
   <subfield code="b">nc</subfield>
   <subfield code="2">rdacarrier</subfield>
  </datafield>
  <datafield tag="500" ind1=" " ind2=" ">
   <subfield code="a">Literaturverzeichnis: Seite 189-215 und Sachregister</subfield>
  </datafield>
  <datafield tag="520" ind1=" " ind2=" ">
   <subfield code="a">Der Bonner Professor für Kunstgeschichte hat eine allgemeinverständliche, gut lesbare Einführung vorgelegt, die sich an Lernende und Lehrende der Kunstgeschichte wendet, aber auch für fachlich interessierte Laien zu empfehlen ist. Das öffentliche Interesse an dem Thema ist in den letzten Jahren stark gestiegen. Sei es durch die aktuelle Kolonialismusdebatte anlässlich der Eröffnung des Humboldt-Forums (ID-A 16/21) oder aufgrund der Restitutionsdebatte um die Herausgabe von während der Nazi-Zeit geraubten Kulturgütern. Für Kunstmarkt und Museen gehört die Provenienzforschung zum Methodenkanon der Kunstgeschichte, um Sammlungsgeschichte und Fälschungserkennung sicher zu stellen. Im Laufe der Zeit hat sie sich zu einem interdisziplinären Fach entwickelt, das Epochen- und Ländergrenzen überschreitet. Unter dem Aspekt des &quot;provenancial turn&quot; wird sie die Museumsarbeit verändern, weil Rechenschaft über die Herkunft und Transparenz von Exponaten zukünftig noch wichtiger wird</subfield>
  </datafield>
  <datafield tag="583" ind1="1" ind2=" ">
   <subfield code="a">Archivierung/Langzeitarchivierung gewährleistet</subfield>
   <subfield code="f">FID</subfield>
   <subfield code="x">XA-DE-BW</subfield>
   <subfield code="2">pdager</subfield>
   <subfield code="5">DE-16</subfield>
  </datafield>
  <datafield tag="655" ind1=" " ind2="7">
   <subfield code="a">Einführung</subfield>
   <subfield code="0">(DE-588)4151278-9</subfield>
   <subfield code="0">(DE-627)104450460</subfield>
   <subfield code="0">(DE-576)209786884</subfield>
   <subfield code="2">gnd-content</subfield>
  </datafield>
  <datafield tag="689" ind1="0" ind2="0">
   <subfield code="d">s</subfield>
   <subfield code="0">(DE-588)7697228-8</subfield>
   <subfield code="0">(DE-627)62370806X</subfield>
   <subfield code="0">(DE-576)321586166</subfield>
   <subfield code="a">Provenienzforschung</subfield>
   <subfield code="2">gnd</subfield>
  </datafield>
  <datafield tag="689" ind1="0" ind2=" ">
   <subfield code="5">DE-101</subfield>
  </datafield>
  <datafield tag="689" ind1="1" ind2="0">
   <subfield code="d">s</subfield>
   <subfield code="0">(DE-588)7697228-8</subfield>
   <subfield code="0">(DE-627)62370806X</subfield>
   <subfield code="0">(DE-576)321586166</subfield>
   <subfield code="a">Provenienzforschung</subfield>
   <subfield code="2">gnd</subfield>
  </datafield>
  <datafield tag="689" ind1="1" ind2=" ">
   <subfield code="5">(DE-627)</subfield>
  </datafield>
  <datafield tag="689" ind1="2" ind2="0">
   <subfield code="d">s</subfield>
   <subfield code="0">(DE-588)7697228-8</subfield>
   <subfield code="0">(DE-627)62370806X</subfield>
   <subfield code="0">(DE-576)321586166</subfield>
   <subfield code="a">Provenienzforschung</subfield>
   <subfield code="2">gnd</subfield>
  </datafield>
  <datafield tag="689" ind1="2" ind2="1">
   <subfield code="d">s</subfield>
   <subfield code="0">(DE-588)4138803-3</subfield>
   <subfield code="0">(DE-627)105639966</subfield>
   <subfield code="0">(DE-576)209689137</subfield>
   <subfield code="a">Kunstgeschichte</subfield>
   <subfield code="g">Fach</subfield>
   <subfield code="2">gnd</subfield>
  </datafield>
  <datafield tag="689" ind1="2" ind2=" ">
   <subfield code="5">(DE-627)</subfield>
  </datafield>
  <datafield tag="689" ind1="3" ind2="0">
   <subfield code="d">s</subfield>
   <subfield code="0">(DE-588)7697228-8</subfield>
   <subfield code="0">(DE-627)62370806X</subfield>
   <subfield code="0">(DE-576)321586166</subfield>
   <subfield code="a">Provenienzforschung</subfield>
   <subfield code="2">gnd</subfield>
  </datafield>
  <datafield tag="689" ind1="3" ind2="1">
   <subfield code="d">s</subfield>
   <subfield code="0">(DE-588)4139819-1</subfield>
   <subfield code="0">(DE-627)105632538</subfield>
   <subfield code="0">(DE-576)209697571</subfield>
   <subfield code="a">Kulturgut</subfield>
   <subfield code="2">gnd</subfield>
  </datafield>
  <datafield tag="689" ind1="3" ind2=" ">
   <subfield code="5">(DE-627)</subfield>
  </datafield>
  <datafield tag="689" ind1="4" ind2="0">
   <subfield code="d">s</subfield>
   <subfield code="0">(DE-588)4139819-1</subfield>
   <subfield code="0">(DE-627)105632538</subfield>
   <subfield code="0">(DE-576)209697571</subfield>
   <subfield code="a">Kulturgut</subfield>
   <subfield code="2">gnd</subfield>
  </datafield>
  <datafield tag="689" ind1="4" ind2="1">
   <subfield code="d">s</subfield>
   <subfield code="0">(DE-588)4166023-7</subfield>
   <subfield code="0">(DE-627)105435856</subfield>
   <subfield code="0">(DE-576)209899387</subfield>
   <subfield code="a">Kunstdiebstahl</subfield>
   <subfield code="2">gnd</subfield>
  </datafield>
  <datafield tag="689" ind1="4" ind2="2">
   <subfield code="d">s</subfield>
   <subfield code="0">(DE-588)4134168-5</subfield>
   <subfield code="0">(DE-627)105674702</subfield>
   <subfield code="0">(DE-576)209650001</subfield>
   <subfield code="a">Kunstraub</subfield>
   <subfield code="2">gnd</subfield>
  </datafield>
  <datafield tag="689" ind1="4" ind2="3">
   <subfield code="d">s</subfield>
   <subfield code="0">(DE-588)4033560-4</subfield>
   <subfield code="0">(DE-627)106256661</subfield>
   <subfield code="0">(DE-576)209002638</subfield>
   <subfield code="a">Kulturerbe</subfield>
   <subfield code="2">gnd</subfield>
  </datafield>
  <datafield tag="689" ind1="4" ind2="4">
   <subfield code="d">s</subfield>
   <subfield code="0">(DE-588)4040795-0</subfield>
   <subfield code="0">(DE-627)106221485</subfield>
   <subfield code="0">(DE-576)209042311</subfield>
   <subfield code="a">Museum</subfield>
   <subfield code="2">gnd</subfield>
  </datafield>
  <datafield tag="689" ind1="4" ind2="5">
   <subfield code="d">s</subfield>
   <subfield code="0">(DE-588)4048737-4</subfield>
   <subfield code="0">(DE-627)106189719</subfield>
   <subfield code="0">(DE-576)20907907X</subfield>
   <subfield code="a">Recht</subfield>
   <subfield code="2">gnd</subfield>
  </datafield>
  <datafield tag="689" ind1="4" ind2=" ">
   <subfield code="5">(DE-627)</subfield>
  </datafield>
  <datafield tag="776" ind1="1" ind2=" ">
   <subfield code="z">9783406780479</subfield>
  </datafield>
  <datafield tag="776" ind1="0" ind2="8">
   <subfield code="i">Erscheint auch als</subfield>
   <subfield code="n">Online-Ausgabe</subfield>
   <subfield code="a">Zuschlag, Christoph, 1964 - </subfield>
   <subfield code="t">Einführung in die Provenienzforschung</subfield>
   <subfield code="d">München : C.H. Beck, 2022</subfield>
   <subfield code="h">1 Online-Ressource</subfield>
   <subfield code="w">(DE-627)1819693791</subfield>
   <subfield code="z">9783406780479</subfield>
   <subfield code="z">9783406780486</subfield>
  </datafield>
  <datafield tag="776" ind1="0" ind2="8">
   <subfield code="i">Erscheint auch als</subfield>
   <subfield code="n">Online-Ausgabe</subfield>
   <subfield code="a">Zuschlag, Christoph, 1964 - </subfield>
   <subfield code="t">Einführung in die Provenienzforschung</subfield>
   <subfield code="d">München : C.H. Beck, 2022</subfield>
   <subfield code="h">1 Online-Ressource (254 Seiten, 16 ungezählte Seiten Tafeln)</subfield>
   <subfield code="w">(DE-627)1824011032</subfield>
   <subfield code="z">9783406780486</subfield>
   <subfield code="z">9783406780479</subfield>
  </datafield>
  <datafield tag="787" ind1="0" ind2="8">
   <subfield code="i">Rezensiert in</subfield>
   <subfield code="a">Rader, Corinna Alexandra, 1982 - </subfield>
   <subfield code="t">[Rezension von: Christoph Zuschlag, Einführung in die Provenienzforschung]</subfield>
   <subfield code="d">2023</subfield>
   <subfield code="w">(DE-627)1837140375</subfield>
  </datafield>
  <datafield tag="856" ind1="4" ind2="2">
   <subfield code="u">http://www.gbv.de/dms/weimar/toc/1776115457_toc.pdf</subfield>
   <subfield code="m">DE-601</subfield>
   <subfield code="q">application/pdf</subfield>
   <subfield code="3">Inhaltsverzeichnis</subfield>
  </datafield>
  <datafield tag="856" ind1="4" ind2="2">
   <subfield code="u">http://deposit.dnb.de/cgi-bin/dokserv?id=92e6ee33e8514a4db80dd71f5a51ad35&amp;prov=M&amp;dok_var=1&amp;dok_ext=htm</subfield>
   <subfield code="m">X:MVB</subfield>
   <subfield code="q">text/html</subfield>
   <subfield code="v">2021-11-03</subfield>
   <subfield code="x">Verlag</subfield>
   <subfield code="3">Inhaltstext</subfield>
  </datafield>
  <datafield tag="856" ind1="4" ind2="2">
   <subfield code="u">https://swbplus.bsz-bw.de/bsz1776115457rez.htm</subfield>
   <subfield code="m">V:DE-576</subfield>
   <subfield code="m">B:DE-16</subfield>
   <subfield code="v">20240625193036</subfield>
   <subfield code="3">Rezension</subfield>
  </datafield>
  <datafield tag="856" ind1="4" ind2="2">
   <subfield code="u">https://swbplus.bsz-bw.de/bsz1776115457rez-1.htm</subfield>
   <subfield code="m">V:DE-576</subfield>
   <subfield code="m">B:DE-16</subfield>
   <subfield code="v">20240729193041</subfield>
   <subfield code="3">Rezension</subfield>
  </datafield>
  <datafield tag="856" ind1="4" ind2="2">
   <subfield code="u">https://www.chbeck.de/zuschlag-einfuehrung-provenienzforschung/product/33100330</subfield>
   <subfield code="q">application</subfield>
   <subfield code="y">Inhaltsbeschreibung &amp; Leseprobe</subfield>
  </datafield>
  <datafield tag="935" ind1=" " ind2=" ">
   <subfield code="a">SAXB</subfield>
  </datafield>
  <datafield tag="935" ind1=" " ind2=" ">
   <subfield code="i">sf</subfield>
  </datafield>
  <datafield tag="936" ind1="r" ind2="v">
   <subfield code="a">AK 85700</subfield>
   <subfield code="b">Museum und Gesellschaft</subfield>
   <subfield code="k">Allgemeines</subfield>
   <subfield code="k">Museumswesen, Museologie, Museumswissenschaft</subfield>
   <subfield code="k">Museumstheorie, Beziehungen</subfield>
   <subfield code="k">Museum und Gesellschaft</subfield>
   <subfield code="0">(DE-627)1270657984</subfield>
   <subfield code="0">(DE-625)rvk/2709:</subfield>
   <subfield code="0">(DE-576)200657984</subfield>
  </datafield>
  <datafield tag="936" ind1="r" ind2="v">
   <subfield code="a">AK 87500</subfield>
   <subfield code="b">Rechtsfragen</subfield>
   <subfield code="k">Allgemeines</subfield>
   <subfield code="k">Museumswesen, Museologie, Museumswissenschaft</subfield>
   <subfield code="k">Bestandspflege</subfield>
   <subfield code="k">Rechtsfragen</subfield>
   <subfield code="0">(DE-627)1270658107</subfield>
   <subfield code="0">(DE-625)rvk/2724:</subfield>
   <subfield code="0">(DE-576)200658107</subfield>
  </datafield>
  <datafield tag="936" ind1="r" ind2="v">
   <subfield code="a">LH 60180</subfield>
   <subfield code="b">Kunstdiebstahl, Kunstraub in Kriegen, Rückführung von Kunstgut</subfield>
   <subfield code="k">Kunstgeschichte</subfield>
   <subfield code="k">Allgemeines. Allgemeine Kunstgeschichte</subfield>
   <subfield code="k">Bildende Kunst und Recht</subfield>
   <subfield code="k">Kunstdiebstahl, Kunstraub in Kriegen, Rückführung von Kunstgut</subfield>
   <subfield code="0">(DE-627)1270638327</subfield>
   <subfield code="0">(DE-625)rvk/94174:</subfield>
   <subfield code="0">(DE-576)200638327</subfield>
  </datafield>
  <datafield tag="936" ind1="b" ind2="k">
   <subfield code="a">02.15</subfield>
   <subfield code="j">Wissenschaftspolitik</subfield>
   <subfield code="j">Kulturpolitik</subfield>
   <subfield code="0">(DE-627)106412582</subfield>
  </datafield>
  <datafield tag="936" ind1="b" ind2="k">
   <subfield code="a">20.00</subfield>
   <subfield code="j">Kunstwissenschaften: Allgemeines</subfield>
   <subfield code="0">(DE-627)106406493</subfield>
  </datafield>
  <datafield tag="936" ind1="b" ind2="k">
   <subfield code="a">20.14</subfield>
   <subfield code="j">Kunsthandel</subfield>
   <subfield code="0">(DE-627)106406302</subfield>
  </datafield>
  <datafield tag="936" ind1="f" ind2="i">
   <subfield code="0">(DE-627)1756131678</subfield>
   <subfield code="a">RA05.01</subfield>
   <subfield code="b">Deutschland</subfield>
   <subfield code="k">Europa</subfield>
   <subfield code="k">Mitteleuropa</subfield>
   <subfield code="k">Deutschland</subfield>
   <subfield code="2">fivr</subfield>
  </datafield>
  <datafield tag="936" ind1="f" ind2="i">
   <subfield code="0">(DE-627)1756136084</subfield>
   <subfield code="a">SG08</subfield>
   <subfield code="b">Kultur/Sprache/Kunst</subfield>
   <subfield code="k">Gesellschaft</subfield>
   <subfield code="k">Kultur/Sprache/Kunst</subfield>
   <subfield code="2">fivs</subfield>
  </datafield>
  <datafield tag="936" ind1="f" ind2="i">
   <subfield code="0">(DE-627)1756136475</subfield>
   <subfield code="a">SK01</subfield>
   <subfield code="b">Wissenschaftsgebiete</subfield>
   <subfield code="k">Wissenschaft/Forschung</subfield>
   <subfield code="k">Wissenschaftsgebiete</subfield>
   <subfield code="2">fivs</subfield>
  </datafield>
  <datafield tag="938" ind1="1" ind2="0">
   <subfield code="0">(DE-627)175614625X</subfield>
   <subfield code="0">(DE-615)6603417</subfield>
   <subfield code="a">Deutschland</subfield>
   <subfield code="2">fivt</subfield>
  </datafield>
  <datafield tag="938" ind1="1" ind2="0">
   <subfield code="0">(DE-627)1756212066</subfield>
   <subfield code="0">(DE-615)6600222</subfield>
   <subfield code="a">Kultur</subfield>
   <subfield code="2">fivt</subfield>
  </datafield>
  <datafield tag="938" ind1="1" ind2="0">
   <subfield code="0">(DE-627)1756176779</subfield>
   <subfield code="0">(DE-615)6609001</subfield>
   <subfield code="a">Kulturgüter</subfield>
   <subfield code="2">fivt</subfield>
  </datafield>
  <datafield tag="938" ind1="1" ind2="0">
   <subfield code="0">(DE-627)1756208018</subfield>
   <subfield code="0">(DE-615)6607001</subfield>
   <subfield code="a">Kunstwerk</subfield>
   <subfield code="2">fivt</subfield>
  </datafield>
  <datafield tag="938" ind1="1" ind2="0">
   <subfield code="0">(DE-627)62370806X</subfield>
   <subfield code="0">(DE-588)7697228-8</subfield>
   <subfield code="a">Provenienzforschung</subfield>
   <subfield code="2">gnd</subfield>
   <subfield code="2">fivt</subfield>
  </datafield>
  <datafield tag="938" ind1="1" ind2="0">
   <subfield code="0">(DE-627)1756170762</subfield>
   <subfield code="0">(DE-615)6606699</subfield>
   <subfield code="a">Kunstgeschichte</subfield>
   <subfield code="2">fivt</subfield>
  </datafield>
  <datafield tag="938" ind1="1" ind2="0">
   <subfield code="0">(DE-627)1756155127</subfield>
   <subfield code="0">(DE-615)6606578</subfield>
   <subfield code="a">Wissenschaftsgebiete</subfield>
   <subfield code="2">fivt</subfield>
  </datafield>
  <datafield tag="938" ind1="1" ind2="0">
   <subfield code="0">(DE-627)1756172722</subfield>
   <subfield code="0">(DE-615)6607768</subfield>
   <subfield code="a">Museum</subfield>
   <subfield code="2">fivt</subfield>
  </datafield>
  <datafield tag="938" ind1="1" ind2="0">
   <subfield code="0">(DE-627)1756140723</subfield>
   <subfield code="0">(DE-615)6603974</subfield>
   <subfield code="a">Rückerstattung von Eigentum</subfield>
   <subfield code="2">fivt</subfield>
  </datafield>
  <datafield tag="938" ind1="1" ind2="0">
   <subfield code="0">(DE-627)1756149275</subfield>
   <subfield code="0">(DE-615)6603133</subfield>
   <subfield code="a">Eigentumsverhältnisse</subfield>
   <subfield code="2">fivt</subfield>
  </datafield>
  <datafield tag="938" ind1="1" ind2="0">
   <subfield code="0">(DE-627)1756144052</subfield>
   <subfield code="0">(DE-615)6603282</subfield>
   <subfield code="a">Wissenschaftliche Methoden</subfield>
   <subfield code="2">fivt</subfield>
  </datafield>
  <datafield tag="938" ind1="1" ind2="1">
   <subfield code="0">(DE-627)1756168229</subfield>
   <subfield code="0">(DE-615)6604805</subfield>
   <subfield code="a">Wissenschaftsgeschichte</subfield>
   <subfield code="2">fiva</subfield>
  </datafield>
  <datafield tag="938" ind1="1" ind2="1">
   <subfield code="0">(DE-627)1756169322</subfield>
   <subfield code="0">(DE-615)6609423</subfield>
   <subfield code="a">Bibliothek</subfield>
   <subfield code="2">fiva</subfield>
  </datafield>
  <datafield tag="938" ind1="1" ind2="1">
   <subfield code="0">(DE-627)1756150311</subfield>
   <subfield code="0">(DE-615)6602899</subfield>
   <subfield code="a">Datensammlung/Informationssammlung</subfield>
   <subfield code="2">fiva</subfield>
  </datafield>
  <datafield tag="938" ind1="1" ind2="1">
   <subfield code="0">(DE-627)1756174628</subfield>
   <subfield code="0">(DE-615)6609262</subfield>
   <subfield code="a">Internationale Kulturbeziehungen</subfield>
   <subfield code="2">fiva</subfield>
  </datafield>
  <datafield tag="938" ind1="1" ind2="1">
   <subfield code="0">(DE-627)1756176701</subfield>
   <subfield code="0">(DE-615)6604338</subfield>
   <subfield code="a">Kolonialgeschichte</subfield>
   <subfield code="2">fiva</subfield>
  </datafield>
  <datafield tag="938" ind1="1" ind2="1">
   <subfield code="0">(DE-627)1756174725</subfield>
   <subfield code="0">(DE-615)6610358</subfield>
   <subfield code="a">Kolonialismus</subfield>
   <subfield code="2">fiva</subfield>
  </datafield>
  <datafield tag="938" ind1="1" ind2="1">
   <subfield code="0">(DE-627)1756182965</subfield>
   <subfield code="0">(DE-615)6607993</subfield>
   <subfield code="a">Nationalsozialismus</subfield>
   <subfield code="2">fiva</subfield>
  </datafield>
  <datafield tag="938" ind1="1" ind2="1">
   <subfield code="0">(DE-627)1756148260</subfield>
   <subfield code="0">(DE-615)6603012</subfield>
   <subfield code="a">Deutsche Demokratische Republik</subfield>
   <subfield code="2">fiva</subfield>
  </datafield>
  <datafield tag="938" ind1="1" ind2="1">
   <subfield code="0">(DE-627)1756162654</subfield>
   <subfield code="0">(DE-615)6602052</subfield>
   <subfield code="a">Kriegsfolgen</subfield>
   <subfield code="2">fiva</subfield>
  </datafield>
  <datafield tag="938" ind1="1" ind2="1">
   <subfield code="0">(DE-627)1756171475</subfield>
   <subfield code="0">(DE-615)6607005</subfield>
   <subfield code="a">Ethische Grundsätze</subfield>
   <subfield code="2">fiva</subfield>
  </datafield>
  <datafield tag="938" ind1="1" ind2="1">
   <subfield code="0">(DE-627)105283703</subfield>
   <subfield code="0">(DE-588)4185910-8</subfield>
   <subfield code="a">Translokation</subfield>
   <subfield code="2">gnd</subfield>
   <subfield code="2">fiva</subfield>
  </datafield>
  <datafield tag="938" ind1="1" ind2="1">
   <subfield code="0">(DE-627)105674702</subfield>
   <subfield code="0">(DE-588)4134168-5</subfield>
   <subfield code="a">Kunstraub</subfield>
   <subfield code="2">gnd</subfield>
   <subfield code="2">fiva</subfield>
  </datafield>
  <datafield tag="938" ind1="1" ind2="1">
   <subfield code="0">(DE-627)1756171793</subfield>
   <subfield code="0">(DE-615)6606941</subfield>
   <subfield code="a">Kulturelles Erbe</subfield>
   <subfield code="2">fiva</subfield>
  </datafield>
  <datafield tag="938" ind1="1" ind2="1">
   <subfield code="0">(DE-627)1756154643</subfield>
   <subfield code="0">(DE-615)6606459</subfield>
   <subfield code="a">Kulturelle Identität</subfield>
   <subfield code="2">fiva</subfield>
  </datafield>
  <datafield tag="938" ind1="1" ind2="1">
   <subfield code="0">(DE-627)1756152411</subfield>
   <subfield code="0">(DE-615)6607969</subfield>
   <subfield code="a">Internationale Migration</subfield>
   <subfield code="2">fiva</subfield>
  </datafield>
  <datafield tag="938" ind1="1" ind2="1">
   <subfield code="0">(DE-627)175623650X</subfield>
   <subfield code="0">(DE-615)6600690</subfield>
   <subfield code="a">Recht</subfield>
   <subfield code="2">fiva</subfield>
  </datafield>
  <datafield tag="938" ind1="1" ind2="1">
   <subfield code="0">(DE-627)1756197539</subfield>
   <subfield code="0">(DE-615)6601264</subfield>
   <subfield code="a">Beispielhafte Fälle</subfield>
   <subfield code="2">fiva</subfield>
  </datafield>
  <datafield tag="951" ind1=" " ind2=" ">
   <subfield code="a">BO</subfield>
  </datafield>
  <datafield tag="990" ind1=" " ind2=" ">
   <subfield code="a">Provenienzforschung</subfield>
  </datafield>
  <datafield tag="990" ind1=" " ind2=" ">
   <subfield code="a">Provenienzforschung</subfield>
  </datafield>
  <datafield tag="990" ind1=" " ind2=" ">
   <subfield code="a">Provenienzforschung</subfield>
  </datafield>
  <datafield tag="990" ind1=" " ind2=" ">
   <subfield code="a">Kunstgeschichte</subfield>
  </datafield>
  <datafield tag="990" ind1=" " ind2=" ">
   <subfield code="a">Provenienzforschung</subfield>
  </datafield>
  <datafield tag="990" ind1=" " ind2=" ">
   <subfield code="a">Kulturgut</subfield>
  </datafield>
  <datafield tag="990" ind1=" " ind2=" ">
   <subfield code="a">Kulturgut</subfield>
  </datafield>
  <datafield tag="990" ind1=" " ind2=" ">
   <subfield code="a">Kunstdiebstahl</subfield>
  </datafield>
  <datafield tag="990" ind1=" " ind2=" ">
   <subfield code="a">Kunstraub</subfield>
  </datafield>
  <datafield tag="990" ind1=" " ind2=" ">
   <subfield code="a">Kulturerbe</subfield>
  </datafield>
  <datafield tag="990" ind1=" " ind2=" ">
   <subfield code="a">Museum</subfield>
  </datafield>
  <datafield tag="990" ind1=" " ind2=" ">
   <subfield code="a">Recht</subfield>
  </datafield>
  <datafield tag="991" ind1=" " ind2=" ">
   <subfield code="a">Rezensiertes Werk</subfield>
  </datafield>
  <datafield tag="999" ind1=" " ind2=" ">
   <subfield code="a">KXP-PPN1776115457</subfield>
   <subfield code="e">4282313757</subfield>
  </datafield>
 </record>
</collection>
